000 00517nam a22001697a 4500
005 20251108173430.0
008 250721s2006 xx 000 0 ara d
082 1 4 _aم/331.1109595/مسح
245 1 0 _aمسح العمالة و البطالة (الجولة الثانية /
264 1 _aعمان :
_bدائرة الإحصاءات العامة،
_c2006.
300 _a80ص.
650 1 7 _aالبطاله
650 1 7 _aالعمل والعمال
650 1 7 _aتقارير
942 _2ddc
_cREF
999 _c103729
_d103729